[Event "Titled Tue 20th May Early"]
[Site "chess.com INT"]
[Date "2025.05.20"]
[Round "2"]
[White "Javakhadze, Zurab"]
[Black "Kilic, Eray"]
[Result "1/2-1/2"]
[WhiteTitle "IM"]
[BlackTitle "IM"]
[WhiteElo "2412"]
[BlackElo "2469"]
[WhiteFideId "13603647"]
[BlackFideId "44517173"]
[EventDate "2025.05.20"]

1. Nf3 Nf6 2. g3 b5 3. Bg2 Bb7 4. O-O e6 5. b3 c5 6. c4 bxc4 7. bxc4 Be7 8. Nc3
O-O 9. Rb1 Bc6 10. Bb2 d6 11. d3 Nbd7 12. e4 Qa5 13. Nd2 Rab8 14. Nb3 Qc7 15. f4
Rfd8 16. Ba1 Nb6 17. Qe2 d5 18. e5 Nfd7 19. Rbe1 dxc4 20. dxc4 Bxg2 21. Kxg2
Qc6+ 22. Kg1 Nf8 23. Ne4 a5 24. h4 a4 25. Nbd2 Nbd7 26. h5 h6 27. Qg4 Nh7 28. f5
exf5 29. Rxf5 Qe6 30. Ref1 a3 31. Qf3 Rf8 32. Bc3 Ng5 33. Nxg5 Bxg5 34. Ne4 Be7
35. Nf6+ Kh8 36. Nd5 Bg5 37. Rxf7 Rbe8 38. Nc7 Nxe5 39. Nxe6 Nxf3+ 40. R1xf3
Rxf7 41. Rxf7 Rxe6 42. Rxg7 Re3 43. Rxg5+ Rxc3 44. Rxc5 Rxg3+ 45. Kf2 Rc3 46.
Ra5 Rxc4 47. Rxa3 Rc5 48. Rh3 Rc2+ 49. Kg3 Rxa2 50. Kg4 Ra5 51. Rf3 Rg5+ 52. Kh4
Rb5 53. Rg3 Kh7 54. Rg4 Rb1 55. Rg3 Rh1+ 56. Kg4 Kg7 57. Kf5+ Kf7 58. Kg4 Kf6
59. Rf3+ Kg7 60. Rg3 Rf1 61. Rf3 Ra1 62. Kf5 Rg1 63. Kf4 Kf6 64. Rg3 Rf1+ 65.
Kg4 Rf5 66. Rf3 Rxf3 67. Kxf3 Kg5 68. Kg3 Kxh5 69. Kh3 Kg5 70. Kg3 h5 71. Kh3 h4
72. Kh2 Kh5 73. Kh3 Kg5 74. Kh2 Kg4 75. Kg2 h3+ 76. Kh2 Kh4 77. Kh1 Kg3 78. Kg1
h2+ 79. Kh1 Kh3 1/2-1/2

[Event "Titled Tue 20th May Early"]
[Site "chess.com INT"]
[Date "2025.05.20"]
[Round "2"]
[White "Gasparyan, Erik R."]
[Black "Rodriguez, Eric"]
[Result "0-1"]
[WhiteTitle "IM"]
[BlackTitle "FM"]
[WhiteElo "2372"]
[BlackElo "2258"]
[WhiteFideId "13315730"]
[BlackFideId "2023628"]
[EventDate "2025.05.20"]

1. Nf3 g5 2. Nxg5 e5 3. d3 d5 4. Nf3 Nc6 5. e4 Nf6 6. Nbd2 Bc5 7. exd5 Nxd5 8.
Be2 Nf4 9. g3 Ng2+ 10. Kf1 Bh3 11. Kg1 Ne3 12. Qe1 Nxc2 13. Qd1 Nxa1 14. Ne4 Be7
15. Be3 Nd4 16. Bxd4 exd4 17. Qxa1 f5 18. Ned2 Qd5 19. Ne1 Bg4 20. Bf1 c6 21.
Bg2 Qe6 22. h3 Bh5 23. Nb3 O-O-O 24. Nc2 f4 25. g4 Bg6 26. Ncxd4 Qf6 27. Nf3
Rxd3 28. Qc1 Be4 29. Ne1 Bxg2 30. Nxd3 Bxh1 31. Kxh1 f3 32. Qe3 h5 33. g5 Qxg5
34. Qe6+ Kb8 35. Qe5+ Qxe5 36. Nxe5 Bf6 37. Nxf3 Bxb2 38. Kg2 Rf8 39. Ng5 b6 40.
Nd2 b5 41. Ne6 Re8 42. Nc5 a5 43. f4 Bc1 44. Nde4 Bxf4 45. Nf6 Re7 46. Nxh5 Bd6
47. Nd3 Re2+ 48. Kf3 Rxa2 49. Nf6 Rh2 50. Kg4 a4 51. Ne4 Bc7 52. Nb4 Kc8 53.
Nxc6 a3 54. Nb4 Ba5 55. Nc6 a2 56. Nxa5 a1=Q 57. Nc6 Qg1+ 58. Kf5 Qf1+ 59. Ke5
Rxh3 60. Nd4 Re3 61. Nf5 Rxe4+ 62. Kxe4 Qb1+ 63. Ke5 Kc7 64. Nd4 Kb6 65. Kd5 Qd1
66. Ke4 b4 67. Nf3 b3 68. Ne5 Kc5 69. Nd3+ Kb5 70. Ne5 b2 0-1

[Event "Titled Tue 20th May Early"]
[Site "chess.com INT"]
[Date "2025.05.20"]
[Round "2"]
[White "Akkara, Omer"]
[Black "Nguyen, Ngoc Truong Son"]
[Result "0-1"]
[WhiteTitle "CM"]
[BlackTitle "GM"]
[WhiteElo "2036"]
[BlackElo "2632"]
[WhiteFideId "26319802"]
[BlackFideId "12401110"]
[EventDate "2025.05.20"]

1. e4 e5 2. Nf3 Nc6 3. Nc3 Nf6 4. a3 d5 5. Bb5 Nxe4 6. Qe2 Nxc3 7. Qxe5+ Qe7 8.
Qxe7+ Bxe7 9. dxc3 O-O 10. Bf4 Bg4 11. Bxc7 Rac8 12. Bf4 Bxf3 13. gxf3 d4 14.
Bd2 Bf6 15. Bxc6 Rxc6 16. b3 Re8+ 17. Kf1 d3 18. cxd3 Bxc3 19. Bxc3 Rxc3 20. Rb1
Rd8 21. Kg2 Rdxd3 22. Rhd1 Kf8 23. Rxd3 Rxd3 24. a4 Ke7 25. Rc1 Kd6 26. b4 Rd4
27. Rb1 b6 28. a5 b5 29. Rb3 g5 30. Rb1 f6 31. Rb3 h5 32. Rb1 Kd5 33. Rc1 Rc4
34. Rd1+ Kc6 35. Rb1 a6 36. Re1 Kd7 37. Rd1+ Ke6 38. Re1+ Kd5 39. Rb1 Rd4 40.
Rb2 Kc4 41. Rb1 Kc3 42. h3 h4 43. Kh2 Rxb4 44. Rc1+ Kd3 45. Rc6 Rf4 46. Kg2 b4
47. Rxa6 b3 48. Rb6 Kc3 49. Rc6+ Kd2 50. Rd6+ Kc2 51. Rc6+ Kb2 52. a6 Ra4 53.
Rxf6 Ka2 54. f4 gxf4 55. Rb6 b2 56. Kf3 b1=Q 57. Rxb1 Kxb1 58. Kg4 f3+ 59. Kxf3
Kc2 60. a7 Kd3 61. a8=Q Rxa8 62. Kg4 Rf8 63. f4 Ke4 64. Kxh4 Kxf4 65. Kh5 Rf6
66. h4 Rf5+ 67. Kg6 Kg4 68. h5 Rxh5 0-1

[Event "Titled Tue 20th May Early"]
[Site "chess.com INT"]
[Date "2025.05.20"]
[Round "2"]
[White "Miszler, Levente"]
[Black "Goltsev, Dmitry"]
[Result "1-0"]
[WhiteTitle "FM"]
[BlackTitle "FM"]
[WhiteElo "2261"]
[BlackElo "2183"]
[WhiteFideId "763276"]
[BlackFideId "24176710"]
[EventDate "2025.05.20"]

1. Nf3 d5 2. e3 c6 3. c4 Nf6 4. b3 g6 5. Bb2 Bg7 6. Be2 Nh5 7. Bxg7 Nxg7 8. O-O
O-O 9. d4 Nd7 10. Nbd2 Nf6 11. Qc2 Bf5 12. Bd3 Rc8 13. e4 dxe4 14. Nxe4 Nxe4 15.
Bxe4 Qd6 16. Rad1 Rfd8 17. Rfe1 Qf4 18. h3 Rc7 19. Bxf5 Nxf5 20. Re4 Qd6 21. g4
Ng7 22. Qe2 Ne6 23. d5 Nf4 24. Qe3 Ne6 25. Qh6 Nf8 26. Red4 Qf6 27. Qe3 c5 28.
Rf4 Qg7 29. Ng5 e5 30. Rf3 h6 31. Ne4 f5 32. Nc3 e4 33. Rf4 Rf7 34. Kh1 Kh7 35.
Rg1 Qd4 36. gxf5 gxf5 37. Nxe4 Qxe3 38. fxe3 Ng6 39. Rf2 b6 40. Ng3 Rdf8 41.
Rgf1 f4 42. exf4 Rxf4 43. Rxf4 Rxf4 44. Rxf4 Nxf4 45. Ne4 Nxh3 46. Nd6 Kg6 47.
Nc8 Nf2+ 48. Kg2 Nd3 49. Nxa7 Kf6 50. Nc8 Nc1 51. Nxb6 Nxa2 52. Nd7+ Ke7 53.
Nxc5 Nc1 54. b4 Kd6 55. Ne4+ Ke5 56. Nd2 Nd3 57. b5 Kd4 58. b6 Nc5 59. Nb3+ Nxb3
60. b7 Kxc4 61. b8=Q h5 62. Qh8 Kb4 63. d6 Ka3 64. d7 h4 65. d8=Q h3+ 66. Kxh3
Ka2 67. Qa8+ Kb1 68. Qa3 Kc2 69. Qhb2+ Kd1 70. Qaxb3+ Ke1 71. Qe3+ Kd1 72. Qbd2# 1-0

[Event "Titled Tue 20th May Early"]
[Site "chess.com INT"]
[Date "2025.05.20"]
[Round "2"]
[White "Korchynskyi, Mykola"]
[Black "Karvatskyi, Oleksii"]
[Result "1-0"]
[WhiteTitle "FM"]
[BlackTitle "CM"]
[WhiteElo "2325"]
[BlackElo "2248"]
[WhiteFideId "34138005"]
[BlackFideId "14191059"]
[EventDate "2025.05.20"]

1. d4 d5 2. c4 e6 3. Nc3 Nf6 4. Nf3 Be7 5. Bf4 O-O 6. e3 a6 7. cxd5 exd5 8. Bd3
Re8 9. Qc2 Bd6 10. O-O Bxf4 11. exf4 Nc6 12. Rae1 Bg4 13. Ne5 Nxd4 14. Qd2 Bf5
15. h3 Bxd3 16. Qxd3 Ne6 17. g3 c5 18. Re2 Nd4 19. Re3 Qb6 20. b3 Rad8 21. Rfe1
Qc7 22. Kg2 b5 23. Rc1 Qb6 24. Ree1 c4 25. bxc4 dxc4 26. Qb1 Qb7+ 27. Ne4 Ne6
28. Kg1 Nxe4 29. Rxe4 Nc5 30. Re3 f6 31. Ng4 Rxe3 32. Nxe3 Nd3 33. Rd1 Qf3 34.
Rd2 Re8 35. Rxd3 cxd3 36. Qxd3 Qe4 37. Qb3+ Qe6 38. Qa3 Qxh3 39. Qxa6 Qd7 40.
Qb6 Rc8 41. f5 Rc1+ 42. Kh2 Qc6 43. Qb8+ Kf7 44. Qa7+ Qc7 45. Qd4 Rc5 46. Qe4
Qc6 47. Qd4 Rc1 48. Qa7+ Ke8 49. Qb8+ Kd7 50. Qa7+ Kc8 51. Ng2 Qb7 52. Qe3 Rc6
53. Qe8+ Kc7 54. Nf4 Rc1 55. Qe7+ Kb8 56. Qd8+ Rc8 57. Qd6+ Qc7 58. Qd5 Qc5 59.
Qd2 Qxf5 60. Qd6+ Rc7 61. Nd5 Qe5 62. Qb6+ Kc8 63. Nxc7 Qxc7 64. Qxb5 Qc2 65.
Qe8+ Kc7 66. Qe7+ Kc6 67. Kg2 Qxa2 68. Qxg7 Qd5+ 69. Kh2 Qf5 70. Kg1 h5 71. Qh6
Kd5 72. Qe3 Qe4 73. Qd2+ Ke5 74. Qh6 Qf3 75. Qd2 Kf5 76. Qd4 Kg5 77. Kh2 f5 78.
Qg7# 1-0

[Event "Titled Tue 20th May Early"]
[Site "chess.com INT"]
[Date "2025.05.20"]
[Round "2"]
[White "Jahnz, Laurin"]
[Black "Erece, Ece Alkim"]
[Result "1-0"]
[WhiteTitle "CM"]
[BlackTitle "WCM"]
[WhiteElo "2233"]
[BlackElo "1843"]
[WhiteFideId "16261089"]
[BlackFideId "6346006"]
[EventDate "2025.05.20"]

1. e4 c6 2. Nc3 d5 3. Nf3 dxe4 4. Nxe4 Nf6 5. Qe2 Nxe4 6. Qxe4 Nd7 7. d4 Nf6 8.
Qd3 Bg4 9. Ne5 Bh5 10. c3 e6 11. Qh3 Bg6 12. Nxg6 fxg6 13. Qxe6+ Qe7 14. Bc4
Qxe6+ 15. Bxe6 Bd6 16. O-O Kd8 17. Re1 Kc7 18. Bb3 Rhe8 19. Bg5 Ne4 20. Bh4 g5
21. Bg3 Nxg3 22. hxg3 h6 23. g4 Kd7 24. Bf7 Re7 25. Bg6 Rf8 26. Rxe7+ Bxe7 27.
Re1 Rf6 28. Bf5+ Kd8 29. g3 g6 30. Bd3 Kd7 31. Kg2 Bf8 32. Re5 Bd6 33. Re3 h5
34. gxh5 gxh5 35. c4 b6 36. a3 a5 37. d5 cxd5 38. cxd5 Bc5 39. Re2 h4 40. g4 Kd6
41. Be4 Bd4 42. f3 Bc5 43. Rc2 Ke5 44. Rc4 Rf8 45. b4 axb4 46. axb4 Be3 47. Rc6
Ra8 48. Re6+ Kd4 49. d6 Ra2+ 50. Kf1 Ra1+ 51. Ke2 Ra2+ 52. Kd1 Rd2+ 53. Kc1 Kc3
54. Kb1 Kb3 55. Bc2+ Kxb4 56. Rxe3 Rxd6 57. Re1 Kc3 58. Be4 Rd4 59. Rc1+ Kd2 60.
Rc8 Rb4+ 61. Ka2 Ke3 62. Rh8 Kf4 63. Bb7 Rd4 64. Kb3 Kg3 65. Rg8 h3 66. Rxg5 h2
67. Rh5 Rf4 68. g5 Kg2 69. g6 Rf8 70. g7 Rg8 71. Rg5+ Kf2 72. f4 Ke3 73. f5 Rb8
74. Bh1 b5 75. f6 1-0

[Event "Titled Tue 20th May Early"]
[Site "chess.com INT"]
[Date "2025.05.20"]
[Round "2"]
[White "Zhauynbay, Alimzhan"]
[Black "Daulet, Alikhan"]
[Result "1-0"]
[WhiteTitle "CM"]
[BlackTitle "CM"]
[WhiteElo "2077"]
[BlackElo "2100"]
[WhiteFideId "13782657"]
[BlackFideId "13741632"]
[EventDate "2025.05.20"]

1. Nf3 Nf6 2. e3 e6 3. d4 d5 4. Bd3 Be7 5. c3 O-O 6. O-O b6 7. Nbd2 Ba6 8. Bxa6
Nxa6 9. Re1 c5 10. Qe2 Qc8 11. Ne5 Qb7 12. h3 Rac8 13. Qd3 Rfd8 14. b3 Nb8 15.
Bb2 Nc6 16. Ndf3 Ne4 17. Nxc6 Qxc6 18. dxc5 Nxc5 19. Qe2 Bf6 20. Rac1 b5 21.
Red1 Ne4 22. Nd4 Bxd4 23. cxd4 Qb7 24. Rc2 Rxc2 25. Qxc2 Rc8 26. Qd3 b4 27. Rc1
Rxc1+ 28. Bxc1 Qc6 29. Bd2 a5 30. Kf1 Nc3 31. Bxc3 bxc3 32. Qc2 f6 33. Ke2 Qb5+
34. Ke1 Qb4 35. a3 Qxa3 36. Qxc3 Kf7 37. Qc7+ Kg6 38. Qc2+ Kh6 39. Ke2 Qa1 40.
Qd2 Qg1 41. Kf3 Qb1 42. Qxa5 Qxb3 43. Qa6 Qd1+ 44. Kg3 e5 45. dxe5 Kg6 46. exf6
gxf6 47. Qe6 Qd3 48. Qg8+ Kh6 49. Qf8+ Kg6 50. h4 Qf5 51. Qg8+ Kh6 52. Qg4 Qe5+
53. Qf4+ Kh5 54. Kf3 Qe6 55. g4+ Kg6 56. h5+ Kg7 57. Kg3 Qc6 58. g5 fxg5 59.
Qxg5+ Kf7 60. h6 Qg6 61. Kf4 Qf6+ 62. Kg4 Qxf2 63. Qg7+ Ke6 64. Qg8+ Ke5 65.
Qe8+ Kd6 66. Qb8+ Kc5 67. Qa7+ Kc4 68. Qd4+ Kb3 69. Qxd5+ Kc2 70. Qf5+ Qxf5+ 71.
Kxf5 1-0

[Event "Titled Tue 20th May Early"]
[Site "chess.com INT"]
[Date "2025.05.20"]
[Round "2"]
[White "Gutman, Gennadi"]
[Black "Mammadov, Sadig"]
[Result "0-1"]
[WhiteTitle "GM"]
[BlackTitle "IM"]
[WhiteElo "2445"]
[BlackElo "2395"]
[WhiteFideId "14102277"]
[BlackFideId "13408712"]
[EventDate "2025.05.20"]

1. e4 e6 2. Nf3 d5 3. Nc3 Nf6 4. e5 Nfd7 5. d4 c5 6. dxc5 Nc6 7. Bf4 Bxc5 8. Bd3
f5 9. exf6 Qxf6 10. Bg3 O-O 11. O-O h6 12. Qe2 Nd4 13. Nxd4 Bxd4 14. Rae1 Nc5
15. Be5 Bxe5 16. Qxe5 Ne4 17. Qxf6 Nxf6 18. Nb5 Rf7 19. Nd6 Re7 20. f3 Bd7 21.
b3 Bc6 22. c4 Kf8 23. c5 Rd8 24. b4 b6 25. Rc1 a5 26. b5 bxc5 27. Rxc5 Rxd6 28.
bxc6 Rc7 29. Rfc1 Ng8 30. Rxa5 Rdxc6 31. Ra8+ Kf7 32. Rxc6 Rxc6 33. Bg6+ Kxg6
34. Rxg8 Rc1+ 35. Kf2 Rc2+ 36. Kg3 Rxa2 37. Rd8 Kf6 38. f4 Ra3+ 39. Kg4 Ra2 40.
g3 Rxh2 41. Rf8+ Ke7 42. Rg8 Kf7 43. Rc8 g6 44. Rc7+ Kf6 45. Kf3 Ra2 46. Rc6
Ra3+ 47. Kg4 h5+ 48. Kh4 Ra1 49. Kh3 Kf5 50. Rc8 Re1 51. Kg2 d4 52. Kf2 Ra1 53.
Kf3 Ra3+ 54. Kf2 Kg4 55. Re8 Ra2+ 56. Ke1 Kxg3 57. Rxe6 Kxf4 58. Rxg6 h4 59. Rh6
Kg3 60. Rh8 d3 61. Rg8+ Kf3 62. Rf8+ Kg3 63. Rg8+ Kh2 64. Rh8 h3 65. Rg8 Re2+
66. Kd1 Rg2 67. Rd8 Kg1 68. Rh8 h2 69. Rh3 h1=Q 70. Rxd3 Kh2# 0-1

[Event "Titled Tue 20th May Early"]
[Site "chess.com INT"]
[Date "2025.05.20"]
[Round "2"]
[White "Smieszek, Wojciech"]
[Black "Petriashvili, Nikoloz"]
[Result "1-0"]
[WhiteTitle "CM"]
[BlackTitle "IM"]
[WhiteElo "2141"]
[BlackElo "2468"]
[WhiteFideId "1156047"]
[BlackFideId "13611216"]
[EventDate "2025.05.20"]

1. e4 Nc6 2. Nf3 d6 3. d4 Nf6 4. Nc3 Bg4 5. Be2 e6 6. h3 Bh5 7. Be3 Be7 8. Qd2
O-O 9. g4 Bg6 10. Bd3 d5 11. e5 Ne4 12. Bxe4 dxe4 13. Ng1 Bh4 14. Nge2 Ne7 15.
Nf4 Nd5 16. Nxg6 fxg6 17. Nxe4 Nxe3 18. Qxe3 Qd5 19. O-O Rad8 20. c3 Rf7 21. f4
Rdf8 22. b3 b5 23. Rac1 h6 24. c4 bxc4 25. bxc4 Qa5 26. Nc5 Re8 27. d5 exd5 28.
cxd5 Qxa2 29. e6 Rfe7 30. Rcd1 Rd8 31. Qb3 Qxb3 32. Nxb3 c6 33. dxc6 Rc8 34. Rd6
Ree8 35. Rc1 Be7 36. Rd7 Ba3 37. Ra1 Bf8 38. Nd4 Bc5 39. f5 gxf5 40. gxf5 Rxc6
41. Kg2 Bxd4 42. Rxd4 Rc5 43. Rf4 a5 44. Kg3 Rf8 45. Kg4 Re5 46. Raa4 Rc8 47.
Rae4 Rxe4 48. Rxe4 Ra8 49. Ra4 Kf8 50. Kf4 Ke7 51. Ke5 Ra6 52. h4 h5 53. Rc4 a4
54. Rc7+ Kf8 55. f6 gxf6+ 56. Kxf6 Kg8 57. Rc8+ Kh7 58. Kf7 a3 59. Rc5 Kh6 60.
Rc1 a2 61. Ra1 Ra7+ 62. e7 Kh7 63. Kf6 Ra6+ 64. Kf7 Ra7 65. Kf8 Kg6 66. e8=Q+
Kf5 67. Qb5+ Kg4 68. Qc4+ Kh3 69. Rxa2 Rd7 70. Qc3+ Kg4 71. Ra4+ Kf5 72. Qc5+
Kg6 73. Ra6+ Rd6 74. Rxd6+ Kh7 75. Qf5+ Kh8 76. Rh6# 1-0

[Event "Titled Tue 20th May Early"]
[Site "chess.com INT"]
[Date "2025.05.20"]
[Round "2"]
[White "Maltsevskaya, Aleksandra"]
[Black "Newansa, M Esandi"]
[Result "1/2-1/2"]
[WhiteTitle "IM"]
[BlackTitle "WCM"]
[WhiteElo "2398"]
[BlackElo "1947"]
[WhiteFideId "24174041"]
[BlackFideId "9999060"]
[EventDate "2025.05.20"]

1. e4 c6 2. d4 d5 3. Nc3 dxe4 4. Nxe4 Nf6 5. Nxf6+ exf6 6. Nf3 Bd6 7. h3 O-O 8.
Bd3 Re8+ 9. Be3 f5 10. O-O f4 11. Bd2 Qf6 12. Re1 Be6 13. Ne5 Nd7 14. Qf3 Bxe5
15. dxe5 Nxe5 16. Bxh7+ Kxh7 17. Qh5+ Qh6 18. Qxh6+ gxh6 19. Rxe5 Rg8 20. Bxf4
Bxh3 21. Rh5 Bg4 22. Rxh6+ Kg7 23. Rh4 Bf5 24. c3 Rh8 25. Rxh8 Rxh8 26. Re1 Rd8
27. f3 Be6 28. Kh2 a6 29. a3 Rd5 30. Be3 Kg6 31. g4 Rd3 32. Kg3 f5 33. Kf4 fxg4
34. fxg4 Rd8 35. Bc5 Bc8 36. g5 Rd5 37. Be7 Rf5+ 38. Kg3 Rf7 39. Bf6 Rd7 40. Re8
Rc7 41. Rg8+ Kf5 42. Bd8 Rd7 43. g6 Rd3+ 44. Kf2 Be6 45. Re8 Rd2+ 46. Ke3 Rg2
47. Rf8+ Ke5 48. g7 Kd6 49. Bf6 Rg6 50. Re8 Kd7 51. Rxe6 Kxe6 52. Bd4 Kf7 53.
Ke4 Rg5 54. Kf4 Rd5 55. b4 Kg8 56. Ke4 Kf7 57. c4 Rh5 58. a4 Rh4+ 59. Kd3 Kg8
60. b5 axb5 61. axb5 cxb5 62. cxb5 Kf7 63. b6 Rh3+ 64. Kc4 Rh4 65. Kd5 Rg4 66.
Be5 Rb4 67. Bd4 Rb5+ 68. Kd6 Rb4 69. Bc5 Rc4 70. Bf2 Kxg7 71. Kd7 Rc6 72. Bd4+
Kf7 73. Be3 Kf6 74. Bd4+ Kf5 75. Bf2 Ke4 76. Bg3 Kd5 77. Bc7 Kc4 78. Kc8 Kb5 79.
Kxb7 Rxb6+ 80. Bxb6 1/2-1/2

[Event "Titled Tue 20th May Early"]
[Site "chess.com INT"]
[Date "2025.05.20"]
[Round "2"]
[White "Dreelinck, Jacob"]
[Black "Boci, Mateu"]
[Result "1-0"]
[WhiteTitle "FM"]
[BlackTitle "FM"]
[WhiteElo "2252"]
[BlackElo "2268"]
[WhiteFideId "250511"]
[BlackFideId "4704665"]
[EventDate "2025.05.20"]

1. e4 c5 2. Nf3 Nc6 3. d4 cxd4 4. Nxd4 Nf6 5. Nc3 e5 6. Ndb5 d6 7. Nd5 Nxd5 8.
exd5 Nb8 9. g4 a6 10. Nc3 Be7 11. h4 f5 12. gxf5 O-O 13. Bd3 Bxf5 14. Bxf5 Rxf5
15. Qg4 Qf8 16. Be3 Nd7 17. Ne4 Bd8 18. Nxd6 Ba5+ 19. c3 Qxd6 20. Qxf5 Qxd5 21.
Rg1 Rf8 22. Qg4 Rf7 23. Rd1 Qc6 24. h5 Nf8 25. h6 g6 26. Qg5 Qe6 27. Qg4 Rf5 28.
Qa4 Bb6 29. Qb3 Bxe3 30. fxe3 Kf7 31. Rd8 Qxb3 32. axb3 Rf6 33. Rf1 Rxf1+ 34.
Kxf1 Ke7 35. Rb8 b5 36. Rb7+ Kf6 37. Rb6+ Kg5 38. Rxa6 Kxh6 39. c4 bxc4 40. bxc4
Nd7 41. Rd6 Nc5 42. Rd5 Na4 43. b3 Nc3 44. Rxe5 Kg7 45. c5 Kf6 46. c6 Kxe5 47.
c7 Nd5 48. c8=Q Nxe3+ 49. Kg1 Nf5 50. Qc7+ Kd4 51. Qxh7 Kc3 52. Qxg6 Nd4 53. Qf6
Kd3 54. b4 Kc4 55. Qb6 Nb3 56. b5 Nd4 57. Kf2 Nxb5 58. Qa6 Kc5 59. Ke3 Nc7 60.
Qa5+ Kc6 61. Ke4 Kd6 62. Qe5+ Kc6 63. Qf6+ Kc5 64. Qe7+ Kc6 65. Kd4 Nb5+ 66. Ke5
Nc7 67. Qd6+ Kb7 68. Qd7 Kb6 69. Kd4 Nb5+ 70. Kc4 Nc7 71. Qd6+ Kb7 72. Kc5 Na6+
73. Kb5 Nc7+ 74. Ka5 Na8 75. Qd5+ Ka7 76. Qd7+ Kb8 77. Ka6 Nc7+ 78. Kb6 Na8+ 79.
Kc6 Nb6 80. Qb7# 1-0

[Event "Titled Tue 20th May Early"]
[Site "chess.com INT"]
[Date "2025.05.20"]
[Round "2"]
[White "Harriott, Tyrell"]
[Black "Ersoz, Teoman Guney"]
[Result "0-1"]
[BlackTitle "CM"]
[WhiteElo "1924"]
[BlackElo "2090"]
[WhiteFideId "2086484"]
[BlackFideId "44537050"]
[EventDate "2025.05.20"]

1. d4 Nf6 2. e3 e6 3. Bd3 b6 4. f4 Bb7 5. Nf3 d5 6. Nbd2 Nbd7 7. Ne5 Ne4 8. O-O
Bd6 9. Qf3 Ndf6 10. Bb5+ Kf8 11. Bd3 c5 12. c3 cxd4 13. exd4 Rc8 14. f5 Qc7 15.
fxe6 Bxe5 16. dxe5 Qxe5 17. exf7 Kxf7 18. Nb3 Rhe8 19. Bf4 Qe7 20. Nd4 Kg8 21.
Rae1 Qc5 22. Kh1 a6 23. Qh3 Ra8 24. Be3 Qc7 25. Nf5 Bc8 26. Bd4 Rf8 27. Qh4 Bxf5
28. Rxf5 Rae8 29. Ref1 b5 30. Bc2 Qe7 31. Bb3 Kh8 32. Qf4 Rg8 33. g4 a5 34. g5
Nh5 35. Qh4 Rgf8 36. Qxh5 a4 37. Bxd5 Rxf5 38. Rxf5 Nd6 39. Rf1 Nc4 40. Qf3 a3
41. b3 Nd2 42. Qf7 Nxf1 43. Qxf1 Rf8 44. Qd1 Qxg5 45. h3 Qg3 46. Qg1 Qxh3+ 47.
Qh2 Rf1+ 48. Bg1 Qc8 49. Qg2 Rf6 50. Bd4 Rh6+ 51. Kg1 Rg6 52. Qxg6 hxg6 53. Kf2
Qf5+ 54. Bf3 Qc2+ 55. Kg3 Qxa2 56. b4 Qb3 57. Kf4 a2 58. Be4 a1=Q 59. Bxg6 Qf1+
60. Ke5 Qe2+ 61. Be4 Qbc2 62. Kd6 Qcxe4 63. Kc5 Qc4+ 64. Kb6 Qec6+ 65. Ka7 Qa8+
66. Kxa8 Kh7 67. Kb7 g5 68. Kb6 g4 69. Ka5 g3 70. Bb6 g2 71. Bg1 Qf1 72. Bd4 Kg6
73. Kb6 Kf5 74. c4 Qxc4 75. Bc5 Ke4 76. Ka5 Kf3 77. Kb6 Ke2 78. Bg1 Kf1 79. Bh2
g1=Q+ 80. Bxg1 Kxg1 81. Ka5 Kf2 82. Kb6 Qxb4 83. Ka6 Qc4 84. Kb6 b4 85. Ka5 b3
86. Kb6 b2 87. Ka5 Qb3 88. Ka6 b1=R 0-1

[Event "Titled Tue 20th May Early"]
[Site "chess.com INT"]
[Date "2025.05.20"]
[Round "2"]
[White "Mattenberger, Matthias"]
[Black "Lewicki, Miroslaw"]
[Result "1/2-1/2"]
[WhiteTitle "FM"]
[BlackTitle "IM"]
[WhiteElo "2286"]
[BlackElo "2317"]
[WhiteFideId "1339958"]
[BlackFideId "1113380"]
[EventDate "2025.05.20"]

1. d4 Nf6 2. c4 e6 3. Nc3 d5 4. cxd5 exd5 5. Bg5 Nbd7 6. e3 h6 7. Bh4 Be7 8. Bd3
O-O 9. Nge2 b6 10. O-O Bb7 11. h3 Ne4 12. Bxe7 Qxe7 13. Qc2 c5 14. Bxe4 dxe4 15.
Rfd1 cxd4 16. Rxd4 Rac8 17. Rad1 Nc5 18. Ng3 f5 19. Nge2 Nd3 20. Nc1 Ne5 21.
N1e2 Kh7 22. Nf4 Rfd8 23. Qd2 Nc4 24. Qe2 Rxd4 25. Rxd4 Ne5 26. Qh5 Rf8 27. Qd1
Ba6 28. Qa4 Bc8 29. Rd5 Rd8 30. Qd4 Rxd5 31. Ncxd5 Qd6 32. Nh5 Kh8 33. Nhf4 Bb7
34. Qxe5 Qxe5 35. Ng6+ Kg8 36. Nxe5 Bxd5 37. a3 Kf8 38. Ng6+ Kf7 39. Nf4 Bc4 40.
f3 g5 41. Nh5 exf3 42. gxf3 Ke6 43. Kf2 Ke5 44. Ke1 a5 45. Kf2 b5 46. Ng3 b4 47.
axb4 axb4 48. Ne2 f4 49. exf4+ gxf4 50. h4 Kf5 51. Nd4+ Kg6 52. Nc6 Kh5 53. Nxb4
Kxh4 54. Nc6 Kg5 55. b4 h5 56. Nd4 Kf6 57. Ne2 Ke5 58. Ng1 h4 59. Nh3 Bb5 60.
Ng1 Bd7 61. Ne2 Bc8 62. Ng1 Kd4 63. Ne2+ Ke5 64. Ng1 h3 65. Ne2 Bd7 66. Kg1 Bb5
67. Nc3 Bd7 68. Kh2 Kd4 69. Ne2+ Ke3 70. Ng1 Be6 71. Nxh3 Bxh3 72. Kxh3 Kxf3 73.
b5 Ke2 74. b6 f3 75. b7 f2 76. b8=Q f1=Q+ 77. Kg4 Qf3+ 78. Kg5 Qg2+ 79. Kf5 Qh3+
80. Kf6 Qh6+ 81. Ke7 Qg7+ 82. Kd8 Qf8+ 83. Kc7 Qc5+ 84. Kb7 Qb5+ 85. Ka8 Qa6+
86. Qa7 Qc8+ 87. Qb8 Qa6+ 88. Qa7 Qc8+ 89. Qb8 Qa6+ 1/2-1/2

[Event "Titled Tue 20th May Early"]
[Site "chess.com INT"]
[Date "2025.05.20"]
[Round "2"]
[White "Urbina Perez, Juan Antonio"]
[Black "Zaksaite, Salomeja"]
[Result "0-1"]
[WhiteTitle "FM"]
[BlackTitle "WGM"]
[WhiteElo "2221"]
[BlackElo "2119"]
[WhiteFideId "2217368"]
[BlackFideId "12801496"]
[EventDate "2025.05.20"]

1. d4 Nf6 2. c4 g6 3. Nf3 Bg7 4. g3 O-O 5. Bg2 d6 6. Nc3 c6 7. O-O Bf5 8. Nh4
Be6 9. b3 d5 10. cxd5 Nxd5 11. Bb2 c5 12. Nxd5 Bxd5 13. e4 Bc6 14. e5 Bxg2 15.
Nxg2 cxd4 16. Qxd4 Qxd4 17. Bxd4 Nc6 18. Rad1 Rfd8 19. Bc5 Bxe5 20. Ne3 Bd4 21.
Bxd4 Nxd4 22. Kg2 e5 23. Nc4 f6 24. f4 b5 25. Ne3 Rac8 26. fxe5 fxe5 27. Rf6 Rc3
28. Re1 Kg7 29. Ra6 Rd7 30. h4 h5 31. b4 Rd3 32. Nf1 Rc3 33. Ne3 Rd3 34. Nf1 Rc3
35. Re3 Rxe3 36. Nxe3 Nf5 37. Nxf5+ gxf5 38. Re6 e4 39. Re5 Kf6 40. Rxb5 Rd2+
41. Kf1 Rxa2 42. Rc5 Rb2 43. b5 e3 44. Rd5 Ke6 45. Rc5 Kf6 46. Ke1 Rg2 47. Rc7
Rxg3 48. Rxa7 f4 49. b6 f3 50. Kf1 e2+ 51. Kf2 Rg2+ 52. Kxf3 e1=Q 53. Kxg2 Qe2+
54. Kg3 Qe3+ 55. Kg2 Qxb6 56. Ra3 Qc6+ 57. Rf3+ Kg6 58. Kg3 Qd6+ 59. Kh3 Qe6+
60. Kg3 Qe1+ 61. Kg2 Qe2+ 62. Kg3 Qe1+ 63. Kg2 Qe4 64. Kf2 Qxh4+ 65. Kg2 Kh6 66.
Rg3 Qe4+ 67. Kh3 Qf5+ 68. Kh4 Qf4+ 69. Kh3 h4 70. Rg4 Qf1+ 71. Kxh4 Qh1+ 72. Kg3
Qe1+ 73. Kh3 Kh5 74. Rg3 Qe6+ 75. Kh2 Kh4 76. Rg2 Qe5+ 77. Kh1 Kh3 0-1

[Event "Titled Tue 20th May Early"]
[Site "chess.com INT"]
[Date "2025.05.20"]
[Round "2"]
[White "Hari, Madhavan N B"]
[Black "Khamdamova, Afruza"]
[Result "0-1"]
[WhiteTitle "IM"]
[BlackTitle "WIM"]
[WhiteElo "2386"]
[BlackElo "2344"]
[WhiteFideId "25054309"]
[BlackFideId "14210444"]
[EventDate "2025.05.20"]

1. d4 d5 2. Nf3 Nf6 3. c4 e6 4. Nc3 Be7 5. Bf4 O-O 6. e3 b6 7. Bd3 dxc4 8. Bxc4
Ba6 9. Bxa6 Nxa6 10. a3 c5 11. Qa4 Qc8 12. O-O Qb7 13. Rac1 cxd4 14. exd4 Rfc8
15. h3 Nc7 16. Bxc7 Rxc7 17. Nb5 Rxc1 18. Rxc1 Nd5 19. Ne5 a6 20. Nc3 Nf4 21. f3
Rc8 22. Qd1 Bg5 23. Rc2 Rd8 24. Ne4 Bh6 25. Nc6 Ra8 26. Kh2 Qd7 27. Ne5 Qe7 28.
g3 Nd5 29. Qd3 f6 30. Nc6 Qd7 31. Nb4 Nxb4 32. axb4 f5 33. Nc3 b5 34. d5 Rd8 35.
Re2 exd5 36. Re5 d4 37. Rd5 Qc7 38. Qxd4 Rf8 39. Rd7 Qc6 40. Qd5+ Qxd5 41. Nxd5
Bc1 42. Ne7+ Kf7 43. Rc7 Bxb2 44. Nxf5+ Ke6 45. Nxg7+ Kd6 46. Ra7 Rxf3 47. Ne8+
Kd5 48. Rxa6 Bd4 49. Nc7+ Kc4 50. h4 Be5 51. Rc6+ Kxb4 52. Nd5+ Kb3 53. Re6 Bd4
54. Re4 Bf2 55. Kg2 Rf7 56. g4 Bc5 57. g5 b4 58. h5 Rf5 59. Nf6 Rxg5+ 60. Kh3 h6
61. Kh4 Kc3 62. Ng4 b3 63. Rf4 b2 64. Rf3+ Kc2 65. Rf1 b1=Q 66. Rxb1 Kxb1 67.
Nxh6 Rg1 68. Nf5 Bf2+ 69. Kh3 Rh1+ 70. Kg4 Rg1+ 71. Kf4 Be1 72. h6 Bd2+ 73. Ke5
Rh1 74. Kf6 Bxh6 75. Kg6 Bd2 76. Kf6 Kc2 77. Ke6 Kd3 78. Ke5 Re1+ 79. Kd5 Rf1
80. Ke5 Bc3+ 81. Kd5 Rxf5+ 0-1